<?xml version="1.0" encoding="UTF-8"?>
<record
    xmlns:xsi="http://www.w3.org/2001/XMLSchema-instance"
    xsi:schemaLocation="http://www.loc.gov/MARC21/slim http://www.loc.gov/standards/marcxml/schema/MARC21slim.xsd"
    xmlns="http://www.loc.gov/MARC21/slim">

  <leader>00396nam a22001337a 4500</leader>
  <datafield tag="952" ind1=" " ind2=" ">
    <subfield code="0">0</subfield>
    <subfield code="1">0</subfield>
    <subfield code="2">ddc</subfield>
    <subfield code="4">0</subfield>
    <subfield code="7">0</subfield>
    <subfield code="8">RECRUITMENT</subfield>
    <subfield code="a">MES</subfield>
    <subfield code="b">MES</subfield>
    <subfield code="c">CAREER CORNER</subfield>
    <subfield code="d">2022-03-09</subfield>
    <subfield code="l">0</subfield>
    <subfield code="o">00.076 RUT/V</subfield>
    <subfield code="p">41403</subfield>
    <subfield code="r">2022-03-09 00:00:00</subfield>
    <subfield code="t">BKT 1</subfield>
    <subfield code="w">2022-03-09</subfield>
    <subfield code="y">BK</subfield>
    <subfield code="z">U8R5</subfield>
  </datafield>
  <datafield tag="952" ind1=" " ind2=" ">
    <subfield code="0">0</subfield>
    <subfield code="1">0</subfield>
    <subfield code="2">ddc</subfield>
    <subfield code="4">0</subfield>
    <subfield code="7">0</subfield>
    <subfield code="8">RECRUITMENT</subfield>
    <subfield code="a">MES</subfield>
    <subfield code="b">MES</subfield>
    <subfield code="c">CAREER CORNER</subfield>
    <subfield code="d">2022-03-09</subfield>
    <subfield code="l">0</subfield>
    <subfield code="o">00.076 RUT/V</subfield>
    <subfield code="p">41404</subfield>
    <subfield code="r">2022-03-09 00:00:00</subfield>
    <subfield code="t">BKT 2</subfield>
    <subfield code="w">2022-03-09</subfield>
    <subfield code="y">BK</subfield>
    <subfield code="z">U8R5</subfield>
  </datafield>
  <datafield tag="952" ind1=" " ind2=" ">
    <subfield code="0">0</subfield>
    <subfield code="1">0</subfield>
    <subfield code="2">ddc</subfield>
    <subfield code="4">0</subfield>
    <subfield code="7">0</subfield>
    <subfield code="8">RECRUITMENT</subfield>
    <subfield code="a">MES</subfield>
    <subfield code="b">MES</subfield>
    <subfield code="c">CAREER CORNER</subfield>
    <subfield code="d">2022-03-09</subfield>
    <subfield code="l">1</subfield>
    <subfield code="m">3</subfield>
    <subfield code="o">00.076 RUT/V</subfield>
    <subfield code="p">41405</subfield>
    <subfield code="r">2022-05-16 00:00:00</subfield>
    <subfield code="s">2022-03-31</subfield>
    <subfield code="t">BKT 3</subfield>
    <subfield code="w">2022-03-09</subfield>
    <subfield code="y">BK</subfield>
    <subfield code="z">U8R5</subfield>
  </datafield>
  <datafield tag="952" ind1=" " ind2=" ">
    <subfield code="0">0</subfield>
    <subfield code="1">0</subfield>
    <subfield code="2">ddc</subfield>
    <subfield code="4">0</subfield>
    <subfield code="7">0</subfield>
    <subfield code="8">RECRUITMENT</subfield>
    <subfield code="a">MES</subfield>
    <subfield code="b">MES</subfield>
    <subfield code="c">CAREER CORNER</subfield>
    <subfield code="d">2022-03-09</subfield>
    <subfield code="l">0</subfield>
    <subfield code="o">00.076 RUT/V</subfield>
    <subfield code="p">41406</subfield>
    <subfield code="r">2022-03-09 00:00:00</subfield>
    <subfield code="t">BKT 4</subfield>
    <subfield code="w">2022-03-09</subfield>
    <subfield code="y">BK</subfield>
    <subfield code="z">U8R5</subfield>
  </datafield>
  <datafield tag="952" ind1=" " ind2=" ">
    <subfield code="0">0</subfield>
    <subfield code="1">0</subfield>
    <subfield code="2">ddc</subfield>
    <subfield code="4">0</subfield>
    <subfield code="7">0</subfield>
    <subfield code="8">RECRUITMENT</subfield>
    <subfield code="a">MES</subfield>
    <subfield code="b">MES</subfield>
    <subfield code="c">CAREER CORNER</subfield>
    <subfield code="d">2022-03-09</subfield>
    <subfield code="l">0</subfield>
    <subfield code="o">00.076 RUT/V</subfield>
    <subfield code="p">41407</subfield>
    <subfield code="r">2022-03-09 00:00:00</subfield>
    <subfield code="t">BKT 5</subfield>
    <subfield code="w">2022-03-09</subfield>
    <subfield code="y">BK</subfield>
    <subfield code="z">U8R5</subfield>
  </datafield>
  <datafield tag="952" ind1=" " ind2=" ">
    <subfield code="0">0</subfield>
    <subfield code="1">0</subfield>
    <subfield code="2">ddc</subfield>
    <subfield code="4">0</subfield>
    <subfield code="7">0</subfield>
    <subfield code="8">RECRUITMENT</subfield>
    <subfield code="a">MES</subfield>
    <subfield code="b">MES</subfield>
    <subfield code="c">CAREER CORNER</subfield>
    <subfield code="d">2022-03-09</subfield>
    <subfield code="l">2</subfield>
    <subfield code="m">3</subfield>
    <subfield code="o">00.076 RUT/V</subfield>
    <subfield code="p">41408</subfield>
    <subfield code="r">2022-06-06 00:00:00</subfield>
    <subfield code="s">2022-06-06</subfield>
    <subfield code="t">BKT 6</subfield>
    <subfield code="w">2022-03-09</subfield>
    <subfield code="y">BK</subfield>
    <subfield code="z">U8R5</subfield>
  </datafield>
  <datafield tag="952" ind1=" " ind2=" ">
    <subfield code="0">0</subfield>
    <subfield code="1">0</subfield>
    <subfield code="2">ddc</subfield>
    <subfield code="4">0</subfield>
    <subfield code="7">0</subfield>
    <subfield code="8">RECRUITMENT</subfield>
    <subfield code="a">MES</subfield>
    <subfield code="b">MES</subfield>
    <subfield code="c">CAREER CORNER</subfield>
    <subfield code="d">2022-03-09</subfield>
    <subfield code="l">0</subfield>
    <subfield code="o">00.076 RUT/V</subfield>
    <subfield code="p">41409</subfield>
    <subfield code="r">2022-03-09 00:00:00</subfield>
    <subfield code="t">BKT 7</subfield>
    <subfield code="w">2022-03-09</subfield>
    <subfield code="y">BK</subfield>
    <subfield code="z">U8R5</subfield>
  </datafield>
  <datafield tag="952" ind1=" " ind2=" ">
    <subfield code="0">0</subfield>
    <subfield code="1">0</subfield>
    <subfield code="2">ddc</subfield>
    <subfield code="4">0</subfield>
    <subfield code="7">0</subfield>
    <subfield code="8">RECRUITMENT</subfield>
    <subfield code="a">MES</subfield>
    <subfield code="b">MES</subfield>
    <subfield code="c">CAREER CORNER</subfield>
    <subfield code="d">2022-03-09</subfield>
    <subfield code="l">0</subfield>
    <subfield code="o">00.076 RUT/V</subfield>
    <subfield code="p">41410</subfield>
    <subfield code="r">2022-03-09 00:00:00</subfield>
    <subfield code="t">BKT 8</subfield>
    <subfield code="w">2022-03-09</subfield>
    <subfield code="y">BK</subfield>
    <subfield code="z">U8R5</subfield>
  </datafield>
  <datafield tag="952" ind1=" " ind2=" ">
    <subfield code="0">0</subfield>
    <subfield code="1">0</subfield>
    <subfield code="2">ddc</subfield>
    <subfield code="4">0</subfield>
    <subfield code="7">0</subfield>
    <subfield code="8">RECRUITMENT</subfield>
    <subfield code="a">MES</subfield>
    <subfield code="b">MES</subfield>
    <subfield code="c">CAREER CORNER</subfield>
    <subfield code="d">2022-03-09</subfield>
    <subfield code="l">0</subfield>
    <subfield code="o">00.076 RUT/V</subfield>
    <subfield code="p">41411</subfield>
    <subfield code="r">2022-03-09 00:00:00</subfield>
    <subfield code="t">BKt 9</subfield>
    <subfield code="w">2022-03-09</subfield>
    <subfield code="y">BK</subfield>
    <subfield code="z">U8R5</subfield>
  </datafield>
  <datafield tag="999" ind1=" " ind2=" ">
    <subfield code="c">41451</subfield>
    <subfield code="d">41451</subfield>
  </datafield>
  <controlfield tag="003">OSt</controlfield>
  <controlfield tag="005">20220309142228.0</controlfield>
  <controlfield tag="008">220309b           ||||| |||| 00| 0 eng d</controlfield>
  <datafield tag="040" ind1=" " ind2=" ">
    <subfield code="c">oclc</subfield>
  </datafield>
  <datafield tag="082" ind1=" " ind2=" ">
    <subfield code="a">00.076</subfield>
    <subfield code="b">RUT/V</subfield>
  </datafield>
  <datafield tag="245" ind1=" " ind2=" ">
    <subfield code="a">Vijayaveedhi :</subfield>
    <subfield code="b">10th level Pradhamika Pareeksha Rank File</subfield>
  </datafield>
  <datafield tag="260" ind1=" " ind2=" ">
    <subfield code="b">Kerala State Rutronix</subfield>
  </datafield>
  <datafield tag="942" ind1=" " ind2=" ">
    <subfield code="2">ddc</subfield>
    <subfield code="c">BK</subfield>
    <subfield code="h">00.076</subfield>
    <subfield code="i">RUT/V</subfield>
    <subfield code="k">00.076</subfield>
    <subfield code="m">RUT/V</subfield>
  </datafield>
</record>
